| 000 | 00391pab a2200145 454500 | ||
|---|---|---|---|
| 008 | 180718b82-3 xxu||||| |||| 00| 0 eng d | ||
| 100 | _aSrinivasan, A.V. | ||
| 245 |
_aInformation system for corporate growth plan _bA note |
||
| 260 | _c82-3 | ||
| 300 | _a100-7 | ||
| 362 | _aSept./Mar. | ||
| 650 | _aInformation System, Management | ||
| 773 | _aASCI Journal of Management | ||
| 909 | _a11035 | ||
| 999 |
_c11035 _d11035 |
||